000 00745nam a2200253Ia 4500
003 OSt
005 20220928115652.0
006 a|||||r|||| 00| 0
007 ta
008 220927b |||||||| |||| 00| 0 eng d
024 _a11300
037 _cTextual
040 _aSDCL
_cSDCL
_beng
041 _2eng
_aeng
082 _aX:(G:55), P7
100 _aHeynen Nik Ed.
_9445420
245 0 _aNeoliberal environments
_bFalse promises and unnatural consequences
260 _aLondon
_bRoutledge
_c2007
300 _axi,298p
_ccm.
650 _aEnvironment Economics
_9404299
700 _a McCarthy James Ed.
_9445421
942 _hX:(G:55), P7
_cTEXL
_2CC
999 _c760371
_d760371